000 00403nam a2200157Ia 4500
003 LK-CoDNM
008 010623t2004 xxu||||| |||| 00| 1 eng d
040 _aLK-CoDNM
_dLK-CoDNM
_eLK-CoDNM
041 _aeng
080 _aMEN X 954.3
100 _aMenasche,Elie.L.
245 _aCeylon : Island of Gems
260 _bAsian Educational Srvices
_aNew Delhi
_c2004
300 _b79p., 22 cm
942 _cBK
999 _c123392
_d123392